2018 Movie Slot Machine III Quiz Stats

 Plays Quiz not verified by Sporcle

Score 0/60 Timer 06:00
1 Play Today
Hint Answer % Correct
Ant-Man
Ant-Man and the Wasp
97.2%
Jurassic
Jurassic World: Fallen Kingdom
97.2%
and
Ant-Man and the Wasp
97.2%
World:
Jurassic World: Fallen Kingdom
97.2%
Fallen
Jurassic World: Fallen Kingdom
97.2%
the
Ant-Man and the Wasp
97.2%
Kingdom
Jurassic World: Fallen Kingdom
97.2%
Wasp
Ant-Man and the Wasp
97.2%
Ralph
Ralph Breaks the Internet
97%
Breaks
Ralph Breaks the Internet
97%
the
Ralph Breaks the Internet
97%
Internet
Ralph Breaks the Internet
97%
A
A Wrinkle in Time
94.4%
Wrinkle
A Wrinkle in Time
94.4%
in
A Wrinkle in Time
94.4%
Time
A Wrinkle in Time
94.4%
A
A Star Is Born
94.3%
Star
A Star Is Born
94.3%
Is
A Star Is Born
94.3%
Born
A Star Is Born
94.3%
Mary
Mary Queen of Scots
94.1%
Queen
Mary Queen of Scots
94.1%
of
Mary Queen of Scots
94.1%
Scots
Mary Queen of Scots
94.1%
Johnny
Johnny English Strikes Again
91.9%
English
Johnny English Strikes Again
91.9%
Strikes
Johnny English Strikes Again
91.9%
Again
Johnny English Strikes Again
91.9%
The
The Death of Stalin
88%
Death
The Death of Stalin
88%
Hint Answer % Correct
of
The Death of Stalin
88%
Stalin
The Death of Stalin
88%
Life
Life of the Party
86.2%
of
Life of the Party
86.2%
the
Life of the Party
86.2%
Party
Life of the Party
86.2%
The
The Son of Bigfoot
84.2%
Son
The Son of Bigfoot
84.2%
of
The Son of Bigfoot
84.2%
Bigfoot
The Son of Bigfoot
84.2%
Goosebumps
Goosebumps 2: Haunted Halloween
82.9%
The
The 15:17 to Paris
82.9%
15:17
The 15:17 to Paris
82.9%
2:
Goosebumps 2: Haunted Halloween
82.9%
Haunted
Goosebumps 2: Haunted Halloween
82.9%
to
The 15:17 to Paris
82.9%
Halloween
Goosebumps 2: Haunted Halloween
82.9%
Paris
The 15:17 to Paris
82.9%
The
The Hate U Give
82%
Hate
The Hate U Give
82%
U
The Hate U Give
82%
Give
The Hate U Give
82%
7
7 Days in Entebbe
81%
Days
7 Days in Entebbe
81%
in
7 Days in Entebbe
81%
Entebbe
7 Days in Entebbe
81%
Insidious:
Insidious: The Last Key
79.6%
The
Insidious: The Last Key
79.6%
Last
Insidious: The Last Key
79.6%
Key
Insidious: The Last Key
79.6%

You're not logged in!

Compare scores with friends on all Sporcle quizzes.
OR
Log In

You Might Also Like...

Show Comments

Extras

Top Quizzes Today


Score Distribution

Your Account Isn't Verified!

In order to create a playlist on Sporcle, you need to verify the email address you used during registration. Go to your Sporcle Settings to finish the process.

Report this User

Report this user for behavior that violates our Community Guidelines.

Details: